[Event "Tournoi Skype 025A"]
[Site "Skype"]
[Date "????.??.??"]
[Round "7.30"]
[White "Rajpurohit, Dinesh"]
[Black "Alvarez, Juan Evangelista"]
[Result "1-0"]
[WhiteElo "1503"]
[BlackElo "1591"]
[PlyCount "49"]

1. e4 e5 2. Nf3 Nc6 3. d4 exd4 4. Bc4 Qe7 5. O-O Ne5 6. Nxe5 Qxe5 7. Qf3 Nf6 8.
Bf4 Qc5 9. Nd2 d6 10. e5 dxe5 11. Bxe5 Bd6 12. Bxf6 gxf6 13. Qxf6 O-O 14. Qh6
Bf5 15. Rfe1 Be5 16. Qg5+ Bg7 17. Ne4 Qxc4 18. Qxf5 Qxc2 19. Nf6+ Bxf6 20. Qxc2
Rad8 21. Re4 d3 22. Qd2 Rd5 23. Rd1 Rfd8 24. Qh6 Rg5 25. Qxf6 1-0

[Event "Tournoi Skype 025A"]
[Site "Skype"]
[Date "????.??.??"]
[Round "7.31"]
[White "Bankhede, Shivkumar"]
[Black "Chavero, Victor"]
[Result "1/2-1/2"]
[WhiteElo "1287"]
[BlackElo "1525"]
[PlyCount "144"]

1. d4 Nf6 2. c4 g6 3. Nc3 d6 4. Nf3 Bg7 5. e3 O-O 6. Bd3 Bg4 7. h3 Bd7 8. O-O
c5 9. d5 e6 10. e4 e5 11. Re1 Na6 12. a3 Rc8 13. Nb5 Ra8 14. Nxd6 Bxh3 15. Nxb7
Qd7 16. Nxe5 Qxb7 17. gxh3 Nh5 18. Nf3 Nc7 19. Rb1 Rad8 20. Bc2 Ne8 21. Ng5 Qd7
22. Qg4 Qxg4+ 23. hxg4 h6 24. Nf3 Nhf6 25. Nh2 g5 26. e5 Nh7 27. b4 f6 28. e6
Rc8 29. Bg6 Kh8 30. e7 Rg8 31. Bf7 Nf8 32. Bxg8 Kxg8 33. bxc5 Nd7 34. c6 Ne5
35. c5 Kf7 36. d6 Rxc6 37. f4 Nd7 38. Rb7 Nxc5 39. Rc7 Nxc7 40. dxc7 Ne6 41. f5
Nxc7 42. Nf3 Ne8 43. Nd4 Rc7 44. a4 Rxe7 45. Rxe7+ Kxe7 46. Nc6+ Kd6 47. Nxa7
Kc5 48. Bd2 Kb6 49. Nb5 Bf8 50. Kf1 Bc5 51. Ke2 Ng7 52. Kd3 h5 53. gxh5 Nxh5
54. Kc4 g4 55. a5+ Kc6 56. a6 g3 57. Nd4+ Bxd4 58. Kxd4 g2 59. Be3 Ng3 60. Kd3
Nxf5 61. Bf2 Nh4 62. Ke4 Ng6 63. Kf3 Ne5+ 64. Kxg2 Nc4 65. Kf3 Nb6 66. Kf4 Kb5
67. a7 Na8 68. Kf5 Ka6 69. Ke6 Kb7 70. Kd7 f5 71. Kd6 f4 72. Bc5 f3 1/2-1/2

[Event "Tournoi Skype 025A"]
[Site "Skype"]
[Date "????.??.??"]
[Round "7.32"]
[White "Sauvaget, Joel"]
[Black "Ramirez Reina, Orlando"]
[Result "0-1"]
[WhiteElo "1608"]
[BlackElo "1527"]
[PlyCount "128"]

1. d4 d5 2. c4 e5 3. Nf3 exd4 4. Qxd4 c6 5. Bg5 Nf6 6. e3 Bb4+ 7. Nc3 Bxc3+ 8.
Qxc3 Nbd7 9. Be2 O-O 10. O-O Re8 11. Rfe1 Nc5 12. Qc2 h6 13. Bh4 Nce4 14. Rad1
Bf5 15. Bd3 Qe7 16. cxd5 cxd5 17. Nd4 Bg6 18. f3 Rac8 19. Qb1 a6 20. fxe4 dxe4
21. Be2 Qd6 22. Rf1 Nd5 23. Nb3 Qe6 24. Bf2 Nb4 25. Rd2 f6 26. Qd1 Nd3 27. Bg4
f5 28. Bh5 Kh7 29. Bxg6+ Qxg6 30. Qe2 Qg5 31. Bg3 g6 32. Bf4 Nxf4 33. Rxf4 Red8
34. Rxd8 Qxd8 35. h3 Qd5 36. Rf1 Rd8 37. Qc2 Rd7 38. Rc1 Qd3 39. Qxd3 exd3 40.
Nd2 g5 41. Rc5 Kg6 42. e4 fxe4 43. Nxe4 d2 44. Nxd2 Rxd2 45. Re5 Rxb2 46. a4
Rb4 47. a5 b5 48. Re7 Ra4 49. Re6+ Kg7 50. Rxa6 b4 51. Rb6 Rxa5 52. Kf2 Rf5+
53. Kg3 Rf4 54. Kh2 Rc4 55. Kg1 Rc1+ 56. Kf2 Rb1 57. g3 b3 58. h4 Rb2+ 59. Kf3
gxh4 60. gxh4 Rb1 61. Ke3 Rh1 62. Rxb3 Rxh4 63. Kf2 Rh5 64. Rg3+ Rg5 0-1